Chronicles of Uganda / (Record no. 13209)

MARC details
000 -LEADER
fixed length control field 00597nam a22002052 4500
001 - CONTROL NUMBER
control field 0000009622
005 - DATE AND TIME OF LATEST TRANSACTION
control field 20151217155841.0
008 - FIXED-LENGTH DATA ELEMENTS--GENERAL INFORMATION
fixed length control field 081113s xx 000 0 eng d
040 ## - CATALOGING SOURCE
Original cataloging agency KABU
Transcribing agency KABU
100 1# - MAIN ENTRY--PERSONAL NAME
Personal name Ashe, R. P.
-- 0000161358
245 10 - TITLE STATEMENT
Title Chronicles of Uganda /
Statement of responsibility, etc. by Rev. R. P. Ashe.
250 ## - EDITION STATEMENT
Edition statement 1st ed.
260 ## - PUBLICATION, DISTRIBUTION, ETC. (IMPRINT)
Place of publication, distribution, etc. London :
Name of publisher, distributor, etc. Hodder and Stoughton,
Date of publication, distribution, etc. 1894.
300 ## - PHYSICAL DESCRIPTION
Extent 480 p.
650 #0 - SUBJECT ADDED ENTRY--TOPICAL TERM
Topical term or geographic name as entry element Missions
Geographic subdivision Uganda.
-- 0000161333
651 #0 - SUBJECT ADDED ENTRY--GEOGRAPHIC NAME
Geographic name Uganda
General subdivision History.
-- 0000161359
852 1# - LOCATION
-- p500 KES
908 ## - PUT COMMAND PARAMETER (RLIN)
Put command parameter 081113
950 ## - LOCAL HOLDINGS (RLIN)
-- 1
Holdings
Withdrawn status Lost status Source of classification or shelving scheme Not for loan Home library Current library Date acquired Total Checkouts Full call number Barcode Date last seen Price effective from Koha item type
    Library of Congress Classification   Kabarak, Main Campus Kabarak, Main Campus 17/12/2015   DT433.265 .A84 c. 1 15480 17/12/2015 17/12/2015 Africana Collection
Designed with assistance from East African Informatics Ltd